Estatísticas para Países de Língua Alemã

Clique aqui para jogar o quiz

Estatísticas Gerais

  • Esse quiz foi jogado 2 961 vezes
  • A pontuação média é 5 de 6

Estatísticas das Respostas

% Falantes NativosPaís% Correto
92%Alemanha
100%
93%Áustria
85%
65%Suíça
80%
0.6%Bélgica
70%
2%Luxemburgo
61%
86%Liechtenstein
57%

Distribuição das Pontuações

Percentil de Números Respondidos

Porcentagem de Pessoas com Cada Pontuação

Sua Pontuação Histórica

Você não jogou esse quiz